El Concilio ecuménico Vaticano II / (Record no. 94252)

MARC details
000 -LEADER
campo de control de longitud fija 01140camaa2200313M 4500
001 - NÚMERO DE CONTROL
campo de control 94430
005 - FECHA Y HORA DE LA ÚLTIMA TRANSACCIÓN
campo de control 20230410142347.0
008 - DATOS DE LONGITUD FIJA--INFORMACIÓN GENERAL
campo de control de longitud fija 900725s1966 sp 000 0 spa d
035 ## - NÚMERO DE CONTROL DEL SISTEMA
Número de control de sistema (OCoLC)ocn431708148
040 ## - FUENTE DE CATALOGACIÓN
Centro catalogador/agencia de origen BNM
Lengua de catalogación spa
Centro/agencia transcriptor BNM
016 7# - NÚMERO DE CONTROL DE UNA AGENCIA BIBLIOGRÁFICA NACIONAL
Número de control del registro bimoBNE19971854884
Fuente SpMaBN
017 ## - NÚMERO DE COPYRIGHT O DE DEPÓSITO LEGAL
Número de copyright o de depósito legal BI 1560-1966
035 ## - NÚMERO DE CONTROL DEL SISTEMA
Número de control de sistema (OCoLC)431708148
050 14 - SIGNATURA TOPOGRÁFICA DE LA BIBLIOTECA DEL CONGRESO
Número de clasificación BX 830
Número de ítem C744 1966
082 00 - NÚMERO DE LA CLASIFICACIÓN DECIMAL DEWEY
Número de clasificación 262.52
049 ## - FONDOS LOCALES (OCLC)
Biblioteca depositaria GRAL
245 13 - MENCIÓN DEL TÍTULO
Título El Concilio ecuménico Vaticano II /
Mención de responsabilidad, etc. Edición de "L'Osservatore della Dominica" preparada por el cuerpo de redactores del órgano Vaticano con la colaboración de... Padres conciliares.
246 3# - FORMA VARIANTE DEL TITULO
Título propio/Titulo breve Concilio ecumenico vaticano 2
260 ## - PUBLICACIÓN, DISTRIBUCIÓN, ETC.
Lugar de publicación, distribución, etc. Bilbao :
Nombre del editor, distribuidor, etc. Ediciones Paulinas,
Fecha de publicación, distribución, etc. 1966.
300 ## - DESCRIPCIÓN FÍSICA
Extensión 754 p., 7 h.
Otras características físicas lám.
Dimensiones 23 cm.
611 20 - PUNTO DE ACCESO ADICIONAL DE MATERIA--NOMBRE DE REUNIÓN/CONGRESO
Nombre de congreso/reunión o jurisdicción como elemento de entrada Vatican Council
Número del congreso/reunión o número de parte o sección (2nd :
Fecha del congreso o de la firma del tratado 1962-1965 :
Sede del congreso/Lugar de la reunión Basilica di San Pietro in Vaticano)
Subdivisión general History.
610 20 - PUNTO DE ACCESO ADICIONAL DE MATERIA--NOMBRE DE ENTIDAD CORPORATIVA
Nombre de entidad corporativa o nombre de jurisdicción como elemento de entrada Catholic Church
Subdivisión general Doctrines
-- History
Subdivisión cronológica 20th century.
611 24 - PUNTO DE ACCESO ADICIONAL DE MATERIA--NOMBRE DE REUNIÓN/CONGRESO
Nombre de congreso/reunión o jurisdicción como elemento de entrada Concilio Vaticano (II (1962-1965).
650 #4 - PUNTO DE ACCESO ADICIONAL DE MATERIA--TÉRMINO DE MATERIA
Término de materia o nombre geográfico como elemento de entrada Concilios y sínodos ecuménicos.
650 #4 - PUNTO DE ACCESO ADICIONAL DE MATERIA--TÉRMINO DE MATERIA
Término de materia o nombre geográfico como elemento de entrada Primera Jornada de Catalogacion.
942 ## - ELEMENTOS DE ENTRADA SECUNDARIOS (KOHA)
Fuente del sistema de clasificación o colocación Clasificación de Library of Congress
Tipo de ítem Koha
946 ## - PROCESAMIENTO DE INFORMACIÓN LOCAL (OCLC)
a mjcruz
994 ## -
-- C0
-- DRFGD
Holdings
Estatus retirado Estado de pérdida Fuente del sistema de clasificación o colocación Estado de daño No para préstamo Colección Biblioteca de origen Biblioteca actual Ubicación en estantería Fecha de adquisición Serial enumeration / chronology Signatura topográfica completa Código de barras Visto por última vez Copia número Tipo de ítem Koha
    Clasificación de Library of Congress     Humanidades Biblioteca Juan Bosch Biblioteca Juan Bosch Humanidades (4to. Piso) 10/04/2023 1 BX 830 C744 1966 00000088011 17/11/2018 1